La moral; fundamentos psico-psicológicos de una conducta racional /

Guardado en:
Autor Principal: Duprat, O. L.
Formato: Libro
Publicado: España : D. Jorro, 1905
Materias:
Etiquetas: Agregar Etiqueta
Sin Etiquetas, Sea el primero en etiquetar este registro!
LEADER 00541nam a22001815a 4500
001 CEM.cems006987
005 20060214000000.0
008 130507s1905##################000#0#####d
003 CEMS
082 0 4 |a 170 
100 1 |a Duprat, O. L. 
245 1 0 |a La moral; fundamentos psico-psicológicos de una conducta racional / 
260 |a España :  |b D. Jorro,  |c 1905 
300 |a 453 p. 
653 |a Etica 
653 |a Moral 
859 |a CEMS  |b BIB. CEMS - 11 de abril  |h 170  |i D928  |p 10546.81  |t Ej.2 
859 |a CEMS  |b BIB. CEMS - 11 de abril  |h 170  |i D928  |p 253.73  |t Ej.1